000 005310000a22001810004500
003 MACL
005 20160324125514.0
008 160324b xxu||||| |||| 00| 0 eng d
040 _aMACL
_cMACL
041 _aHindi
082 _a200
100 _aपंडित तुलसी राम
_948238
245 _aन्‍याय दर्शन
260 _bडायनेमिक पब्लिकेशंस इण्डिया
_aमेरठ
350 _a50
650 _aReligion
_948239
942 _cHIN
_k200
_2ddc
999 _c19360
_d19360